LEADER 01264nam2 22003013i 450 001 NAP0384227 005 20251003044248.0 100 $a20070725d2006 ||||0itac50 ba 101 | $aeng 102 $aus 181 1$6z01$ai $bxxxe 182 1$6z01$an 183 1$6z01$anc$2RDAcarrier 200 0 $a2$fedited by Gerald A. Miller, Claudia E. Zapata, Sandra L. Houston, Delwyn G. Fredlung 215 $aReston$cASCE, c2006. XXIII, P. 1302-2581$d22 cm 461 1$1001NAP0384224$12001 $aUnsatured soils 2006$eproceedings of the fourth international conference on unsaturated soils in Carefree, Arizona, April 2-6, 2006$fedited by Gerald A. Miller, Claudia E. Zapata, Sandra L. Houston, Delwyn G. Fredlund$v2 606 $aPedologia$2FIR$3CFIC006297$9E 676 $a631.4$9Pedologia$v14 696 $aScienze del suolo$aGeologia agraria 699 $aPedologia$yScienze del suolo 699 $aPedologia$yGeologia agraria 801 3$aIT$bIT-000000$c20070725 850 $aIT-BN0095 912 $aNAP0384227 950 2$aBiblioteca Centralizzata di Ateneo$cv. 1-2$d 01SALA 631.4 MIL.un$e 0104 0000006595 VMA (2 v. 2$fA $h20070725$i20070725 977 $a 01 996 $a2$961340 997 $aUNISANNIO LEADER 01279nam2 22003253i 450 001 FER0139072 005 20251003044154.0 020 $aIT$b1946 4336 090 $a18940 100 $a19950605d1945 ||||0itac50 ba 101 | $aita 102 $ait 181 1$6z01$ai $bxxxe 182 1$6z01$an 200 1 $aˆ2: ‰Del processo di cognizione$fVirgilio Andrioli 205 $a2. ed. riv. e aggiornata 210 $aNapoli$cE. Jovene$d1945 215 $aXV, 526 p.$d25 cm. 461 1$1001FER0139061$12001 $aCommento al Codice di procedura civile$fVirgilio Andrioli$v2 606 $aItalia . Codice di procedura civile$2FIR$3RMGC000355$9N 676 $a347$9DIRITTO PROCESSUALE CIVILE E TRIBUNALI CIVILI$v23 676 $a347.05$9TRIBUNALI CIVILI. PROCEDURA$v21 700 1$aAndrioli$b, Virgilio$3CFIV024626$4070$035973 801 3$aIT$bIT-000000$c19950605 850 $aIT-BN0095 $aIT-NA0079 $aIT-NA0523 912 $aFER0139072 950 2$aBiblioteca Centralizzata di Ateneo$cv. 2$d 01D (AR) 27 047$e 01AR 0700270475 VMA A4(0002 v. 2$fY $h20241023$i20241023 977 $a 01$a BN$a DM 996 $aDel processo di cognizione$9895906 997 $aUNISANNIO